24 Hours of Le Mans - Nationalities of Winning Drivers - Statistics

General Stats
  • This quiz has been taken 417 times
    327 since last reset
  • The average score is 16 of 20
Answer Stats
No. of Wins COUNTRY % Correct
40 France
98%
43 United Kingdom
98%
18 United States
97%
31 Germany
96%
18 Italy
94%
3 Spain
93%
4 Japan
89%
1 Canada
84%
13 Belgium
81%
4 Australia
80%
4 Austria
79%
2 Sweden
78%
13 Denmark
75%
6 Switzerland
75%
1 Mexico
73%
3 Netherlands
71%
1 Argentina
69%
2 Finland
68%
5 New Zealand
67%
1 Monaco
40%
No matching quizzes found
Score Distribution
Percent of People with Each Score
Percentile by Number Answered
Your Score History
You have not taken this quiz since the last reset